Metódy merania efektívnosti poisťovní

Využitie metódy DEA v procese merania efektívnosti. Rozšírené DEA modely: aditívny DEA model, SBM model. DEA modely pre hodnotenie efektívnosti v čase. Metóda SFA (stochastic frontier analysis).

Salvato in:
Dettagli Bibliografici
Autore principale: Beslerová, Stela
Natura: Capitolo di libro
Lingua:slovacco
Soggetti:
Tags: Aggiungi Tag
Nessun Tag, puoi essere il primo ad aggiungerne!!

MARC

LEADER 00000nla a2200000 4500
001 0209240
005 20240605120534.3
041 0 |a slo 
044 |a SK 
245 1 0 |a Metódy merania efektívnosti poisťovní  |c Stela Beslerová 
520 |a Využitie metódy DEA v procese merania efektívnosti. Rozšírené DEA modely: aditívny DEA model, SBM model. DEA modely pre hodnotenie efektívnosti v čase. Metóda SFA (stochastic frontier analysis). 
610 2 0 |a efektívnosť 
610 2 0 |a modely ekonometrické 
610 2 0 |a poisťovne 
100 1 |a Beslerová, Stela